000 02140nam a2200313 4500
001 113463
003 DR-UNIBE
005 20250428140620.0
008 250421b2023 dr ||||| |||| 00| 0 spa d
020 _a9789945250848
040 _aBIBLIOTECA UNIBE
_cBIBLIOTECA UNIBE
_bspa
_erda
041 _aspa
082 _222
_aRD 339.4707293 S232c
100 1 0 _aSantana López, Isidoro
_eautor
_956113
245 1 0 _aConsumo familiar, desafíos fiscales y la economía en un mundo convulso /
_cIsidoro Santana ; cuidado de edición: Aimara Vera ; diseño y diagramación: Pia Menicucci & Asociados : fotografía de cubierta: Andrzej Rostek, Stockphoto
260 _aSanto Domingo :
_b Archivo General de la Nación (AGN),
_c2023
300 _a282 páginas :
_bgráficos a color ;
_c22 x 15 cm
490 _aArchivo General de la Nación ;
_v502
500 _aInformación del autor en las solapas
505 _aPrólogo | Parte I. La canasta de consumo de los hogares dominicanos, su evolución histórica y posibles cambios derivados de la pandemia COVID-19 | Parte II. Los grandes desafíos de la economía dominicana | Parte III. ¿Quién va a pagar la cuneta de la seguridad social? | Parte IV. ¿Por qué las sociedades gastan más que antes en bienes públicos? | Parte V. El contrato social dominicano | Parte VI. La economía en un mundo convulso | Parte VII. Desencuentros de la Union Europea con América Latina | Parte VIII. Haití y la República Dominicana | Parte IX. Presentación de la Segunda Encuesta Nacional de Inmigrantes (ENI-2017) | Parte X. La sobrevaluación del peso dominicano y la enfermedad holandesa de la economía | Bibliografía
650 7 _2lemb
_aCostos y nivel de vida
_xGastos (consumo)
_9194623
650 7 _2lemb
_aPresupuesto familiar
_xGastos (cosumo)
_9194624
650 7 _a Economía
_zRepública Dominicana
_91462
700 1 0 _aVera Riverón, Aimara
_999221
_eeditor
700 1 0 _aMenicucci, Pia & Asociados
_9194426
_ediseñador
_ediagramador
700 1 0 _aRostek, Andrzej
_9194427
_efotógrafo de cubierta
710 0 _aStockphoto
_efotografía de cubierta
_9165298
942 _2ddc
_cBK
999 _c113463
_d113463